000
00307nam a22001457a 4500
020
_a
1-40547-216-2
082
_a
823
_b
PAP/C
100
_a
PAPADEMETRIOU, LISA
245
_a
CARS
246
_a
CARS
_b
CARS
260
_a
U K
_b
PARRAGON BOOKS
_c
2006
300
_a
123
650
_a
ENGLISH FICTION
942
_c
BK
999
_c
8723
_d
8723